[Event "South Moravia Region-chT 2223"]
[Site "Czech Republic"]
[Date "2023.03.19"]
[Round "10.5"]
[White "Parak, Dominik"]
[Black "Kredl, Karel"]
[Result "1/2-1/2"]
[WhiteElo "2056"]
[BlackElo "2071"]
[PlyCount "44"]
[EventDate "2022.10.09"]
[EventType "team-tourn"]
[EventRounds "11"]
[EventCountry "CZE"]
[SourceTitle "EXT 2024"]
[Source "ChessBase"]
[SourceDate "2023.10.10"]
[SourceVersion "1"]
[SourceVersionDate "2023.10.10"]
[SourceQuality "1"]

1. e4 c5 2. Nf3 d6 3. d4 cxd4 4. Nxd4 Nf6 5. Nc3 Nc6 6. Be2 e5 7. Nb3 Be7 8. 0-0 0-0 9. Kh1 Be6 10. f4 exf4 11. Bxf4 d5 12. exd5 Nxd5 13. Nxd5 Qxd5 14. c4 Qxd1 15. Raxd1 Rfd8 16. Bc7 Rxd1 17. Rxd1 Rc8 18. Bd6 Rd8 19. Bxe7 Rxd1+ 20. Bxd1 Nxe7 21. Be2 b6 22. Nd4 Bd7 1/2-1/2

[Event "South Moravia Region-chT 2223"]
[Site "Czech Republic"]
[Date "2023.02.26"]
[Round "9.2"]
[White "Jelinek, Ota"]
[Black "Kredl, Karel"]
[Result "1/2-1/2"]
[WhiteElo "2130"]
[BlackElo "2085"]
[PlyCount "128"]
[EventDate "2022.10.09"]
[EventType "team-tourn"]
[EventRounds "11"]
[EventCountry "CZE"]
[SourceTitle "EXT 2024"]
[Source "ChessBase"]
[SourceDate "2023.10.10"]
[SourceVersion "1"]
[SourceVersionDate "2023.10.10"]
[SourceQuality "1"]

1. g3 d5 2. Bg2 c6 3. f4 g6 4. Nf3 Bg7 5. 0-0 Nf6 6. d3 0-0 7. e3 Nbd7 8. Nc3 Re8 9. e4 dxe4 10. dxe4 e5 11. f5 b5 12. a3 a5 13. fxg6 hxg6 14. Ng5 b4 15. axb4 Ba6 16. b5 Qb6+ 17. Kh1 Bxb5 18. Nxb5 cxb5 19. Nxf7 Kxf7 20. Qxd7+ Kg8 21. Qd1 Rad8 22. Qe2 b4 23. Be3 Qc7 24. Bg5 Re6 25. Rad1 Red6 26. Rxd6 Rxd6 27. b3 Kh7 28. Bf3 Rc6 29. Rf2 Rc3 30. Kg2 Qc5 31. h4 Qd4 32. Qd2 Qc5 33. g4 Qc8 34. Qd1 Qc6 35. Rd2 Qc5 36. h5 gxh5 37. gxh5 Qc6 38. Qe2 Bh6 39. Bxh6 Kxh6 40. Kf1 Ne8 41. Qg2 Qf6 42. Rf2 Qg5 43. Qxg5+ Kxg5 44. Bd1 Nd6 45. Rf3 Nxe4 46. Ke1 Rxf3 47. Bxf3 Ng3 48. Kd2 Nxh5 49. c3 Nf4 50. c4 Ne6 51. Ke3 Nc5 52. Bd1 Kf5 53. Bc2+ Ke6 54. Bd1 Kd6 55. Bc2 a4 56. bxa4 b3 57. Bd1 b2 58. Bc2 Nxa4 59. Kd2 Kc5 60. Kd3 Nb6 61. Kc3 Nxc4 62. Bd3 Nd6 63. Kxb2 e4 64. Bxe4 Nxe4 1/2-1/2

[Event "South Moravia Region-chT 2223"]
[Site "Czech Republic"]
[Date "2023.02.12"]
[Round "8.5"]
[White "Urban, Vlastimil"]
[Black "Kredl, Karel"]
[Result "1/2-1/2"]
[WhiteElo "1879"]
[BlackElo "2079"]
[PlyCount "44"]
[EventDate "2022.10.09"]
[EventType "team-tourn"]
[EventRounds "11"]
[EventCountry "CZE"]
[SourceTitle "EXT 2024"]
[Source "ChessBase"]
[SourceDate "2023.10.10"]
[SourceVersion "1"]
[SourceVersionDate "2023.10.10"]
[SourceQuality "1"]

1. d4 Nf6 2. c4 e6 3. Nf3 Bb4+ 4. Bd2 a5 5. Qc2 Nc6 6. e4 d6 7. a3 Bxd2+ 8. Nbxd2 e5 9. d5 Nb8 10. c5 0-0 11. Be2 Nbd7 12. cxd6 cxd6 13. 0-0 Qb6 14. Rac1 Nc5 15. Nc4 Qd8 16. Nfd2 b6 17. b4 axb4 18. axb4 Na6 19. Qc3 Bb7 20. Qb3 Re8 21. Rc3 h6 22. Rfc1 Bxd5 1/2-1/2

[Event "South Moravia Region-chT 2223"]
[Site "Czech Republic"]
[Date "2022.11.13"]
[Round "3.6"]
[White "Hruza, Dominik"]
[Black "Kredl, Karel"]
[Result "1-0"]
[WhiteElo "1882"]
[BlackElo "2086"]
[PlyCount "89"]
[EventDate "2022.10.09"]
[EventType "team-tourn"]
[EventRounds "11"]
[EventCountry "CZE"]
[SourceTitle "EXT 2024"]
[Source "ChessBase"]
[SourceDate "2023.10.10"]
[SourceVersion "1"]
[SourceVersionDate "2023.10.10"]
[SourceQuality "1"]

1. e4 c5 2. c3 d5 3. exd5 Qxd5 4. d4 Nf6 5. Nf3 Bg4 6. dxc5 Qxc5 7. Be3 Qc7 8. Na3 Nc6 9. Nb5 Qc8 10. h3 Be6 11. Bf4 Nd5 12. Bh2 a6 13. c4 Ne3 14. fxe3 axb5 15. cxb5 Nb4 16. Rc1 Qd8 17. Qxd8+ Rxd8 18. a3 Nd5 19. Kf2 g6 20. Be5 Bh6 21. Bd4 0-0 22. Bc4 Rc8 23. b3 Ra8 24. a4 Rfc8 25. Rhd1 Kf8 26. Ra1 Nf6 27. Bxe6 Rc2+ 28. Nd2 fxe6 29. Kf3 Nd5 30. Nc4 Kg8 31. Rd2 Rf8+ 32. Ke2 Rxd2+ 33. Nxd2 e5 34. Bxe5 Nxe3 35. g4 Rc8 36. Ne4 Nc2 37. Rd1 Nb4 38. Rd7 Kf7 39. Nd6+ Ke6 40. Rxe7+ Kxe7 41. Nxc8+ Ke6 42. Bg3 Nd5 43. Nd6 b6 44. Nc4 Bg5 45. a5 1-0

[Event "CZE-ch Betsys Online Blitz"]
[Site "Chess.com INT"]
[Date "2021.04.17"]
[Round "4"]
[White "Kredl, Karel"]
[Black "Simet, Martin"]
[Result "0-1"]
[WhiteElo "2087"]
[BlackElo "2181"]
[PlyCount "96"]
[EventDate "2021.04.17"]
[EventType "swiss (blitz)"]
[EventRounds "13"]
[EventCountry "CZE"]
[SourceTitle "CBM 201 Extra"]
[Source "ChessBase"]
[SourceDate "2021.05.31"]
[SourceVersion "1"]
[SourceVersionDate "2021.05.31"]
[SourceQuality "1"]

1. d4 Nf6 2. c4 d6 3. Nc3 g6 4. Nf3 Bg7 5. e4 0-0 6. Be2 Nc6 7. d5 Nb4 8. 0-0 c5 9. a3 Na6 10. h3 Nc7 11. a4 e6 12. Bf4 e5 13. Bg5 Na6 14. Qd2 Re8 15. Bh6 Bh8 16. Nh2 Nb4 17. Bg5 Qc7 18. Ng4 Nxg4 19. hxg4 f6 20. Be3 a6 21. Rac1 Bd7 22. g5 f5 23. exf5 gxf5 24. Bh5 Rf8 25. f4 e4 26. Be2 Rae8 27. g3 Re7 28. Kg2 Be8 29. Rh1 Bg6 30. Rh2 Rfe8 31. Rch1 Nd3 32. Bh5 Bg7 33. Bxg6 hxg6 34. Qe2 Qb6 35. Rb1 Qb3 36. Qd1 Qxc4 37. Ne2 Qb4 38. b3 b5 39. axb5 axb5 40. Bd2 Qa3 41. Qc2 Ra8 42. Bc3 Qa2 43. Qxa2 Rxa2 44. Bxg7 Rxe2+ 45. Kg1 Rxh2 46. Kxh2 Kxg7 47. Ra1 e3 48. Kg2 e2 0-1

[Event "CZE-chT2E 1920"]
[Site "Czech Republic"]
[Date "2019.11.17"]
[Round "3.1"]
[White "Gasa, Patrik"]
[Black "Kredl, Karel"]
[Result "0-1"]
[WhiteElo "2188"]
[BlackElo "2096"]
[PlyCount "94"]
[EventDate "2019.10.13"]
[EventType "team-tourn"]
[EventRounds "11"]
[EventCountry "CZE"]
[SourceTitle "EXT 2024"]
[Source "ChessBase"]
[SourceDate "2023.10.10"]
[SourceVersion "1"]
[SourceVersionDate "2023.10.10"]
[SourceQuality "1"]
[WhiteTeam "Prusanky Podluzan"]
[BlackTeam "Adamov"]
[WhiteTeamCountry "CZE"]
[BlackTeamCountry "CZE"]

1. d4 Nf6 2. Nf3 e6 3. c4 d5 4. g3 Bb4+ 5. Bd2 Bd6 6. Bg2 c6 7. b3 Nbd7 8. 0-0 0-0 9. Nc3 dxc4 10. bxc4 e5 11. e3 Re8 12. Qc2 Qe7 13. Rab1 Bc7 14. Rfe1 h6 15. d5 Nb6 16. dxc6 bxc6 17. Na4 Qa3 18. Ba5 Bf5 19. Qxf5 Qxa4 20. Bxb6 axb6 21. Nd2 Qxa2 22. Ne4 Re6 23. Ra1 Qxa1 24. Rxa1 Rxa1+ 25. Bf1 Nxe4 26. Qxe4 Rf6 27. g4 g6 28. h4 Ra2 29. h5 Raxf2 30. Bg2 Rd2 31. hxg6 Rd1+ 32. Kh2 Rxg6 33. Qf5 Kg7 34. Be4 Rd2+ 35. Kh3 Bd6 36. Kg3 Bc5 37. Qh5 Rg5 38. Qh1 Bxe3 39. Kf3 Bd4 40. Qc1 Rf2+ 41. Kg3 f5 42. Bxc6 Rxg4+ 43. Kh3 e4 44. Bxe4 Rxe4 45. Qg1+ Rg4 46. Qe1 Rf3+ 47. Kh2 Bg1+ 0-1

[Event "CZE-chT2E 1920"]
[Site "Czech Republic"]
[Date "2019.11.03"]
[Round "2.1"]
[White "Kredl, Karel"]
[Black "Gabriel, Adam"]
[Result "1/2-1/2"]
[WhiteElo "2096"]
[BlackElo "2057"]
[PlyCount "60"]
[EventDate "2019.10.13"]
[EventType "team-tourn"]
[EventRounds "11"]
[EventCountry "CZE"]
[SourceTitle "EXT 2024"]
[Source "ChessBase"]
[SourceDate "2023.10.10"]
[SourceVersion "1"]
[SourceVersionDate "2023.10.10"]
[SourceQuality "1"]
[WhiteTeam "Adamov"]
[BlackTeam "Borsice"]
[WhiteTeamCountry "CZE"]
[BlackTeamCountry "CZE"]

1. d4 d5 2. Nf3 Nf6 3. c4 c6 4. Nc3 e6 5. e3 a6 6. b3 Nbd7 7. Qc2 Be7 8. Be2 0-0 9. 0-0 b5 10. Bb2 Bb7 11. Rfd1 b4 12. Na4 Rc8 13. Rac1 Ne4 14. cxd5 cxd5 15. Qd3 Qa5 16. Nd2 Nxd2 17. Qxd2 Bc6 18. Qc2 Bxa4 19. Qxc8 Rxc8 20. Rxc8+ Nf8 21. bxa4 Qxa4 22. Ra1 g6 23. Bd1 Qd7 24. Rac1 Bd6 25. R8c6 a5 26. Ba4 Kg7 27. Bb5 Qb7 28. Ba4 Qd7 29. Bb5 Qb7 30. Ba4 Qd7 1/2-1/2

[Event "CZE-chT2D 1819"]
[Site "Czech Republic"]
[Date "2019.03.17"]
[Round "10.6"]
[White "Pavlicek, Lukas"]
[Black "Kredl, Karel"]
[Result "1/2-1/2"]
[WhiteElo "1894"]
[BlackElo "2117"]
[PlyCount "86"]
[EventDate "2018.10.14"]
[EventType "team-tourn"]
[EventRounds "11"]
[EventCountry "CZE"]
[SourceTitle "EXT 2022"]
[Source "ChessBase"]
[SourceDate "2021.10.06"]
[SourceVersion "1"]
[SourceVersionDate "2021.10.06"]
[SourceQuality "1"]
[WhiteTeam "Policka Stefanydes"]
[BlackTeam "Brno Moravska Slavia II"]
[WhiteTeamCountry "CZE"]
[BlackTeamCountry "CZE"]

1. c4 c6 2. Nf3 d5 3. e3 Nf6 4. Nc3 e6 5. b3 Bd6 6. Qc2 Nbd7 7. Bb2 Qe7 8. Rg1 0-0 9. g4 a6 10. g5 Ne8 11. a4 Nc7 12. Bd3 g6 13. h4 e5 14. cxd5 cxd5 15. h5 Nc5 16. Nh4 Be6 17. Be2 d4 18. Ne4 Bxb3 19. Qb1 Nxe4 20. Qxe4 Bd5 21. Qb1 Ne6 22. Bd3 Nc5 23. hxg6 hxg6 24. Bxg6 fxg6 25. Qxg6+ Qg7 26. Qxd6 Nd3+ 27. Ke2 Rad8 28. Qa3 Nxb2 29. Qxb2 d3+ 30. Kxd3 e4+ 31. Kc2 Rc8+ 32. Kb1 Rxf2 33. Qxg7+ Kxg7 34. Rc1 Rh8 35. Rc7+ Bf7 36. g6 Rxh4 37. Rxf7+ Rxf7 38. gxf7 Rh1+ 39. Kb2 Rxa1 40. Kxa1 Kxf7 41. Kb2 Ke6 42. Kc3 Kd5 43. Kb4 b6 1/2-1/2

[Event "Pardubice Czech op-E 29th"]
[Site "Pardubice"]
[Date "2018.07.13"]
[Round "3"]
[White "Vojta, Tomas"]
[Black "Kredl, Karel"]
[Result "1/2-1/2"]
[WhiteElo "2350"]
[BlackElo "2113"]
[PlyCount "64"]
[EventDate "2018.07.12"]
[EventType "team"]
[EventRounds "7"]
[EventCountry "CZE"]
[SourceTitle "EXT 2019"]
[Source "ChessBase"]
[SourceDate "2018.10.10"]
[SourceVersion "1"]
[SourceVersionDate "2018.10.10"]
[SourceQuality "1"]
[WhiteTeam "Brno Moravska Slavia"]
[BlackTeam "Brno Moravska Slavia II"]
[WhiteTeamCountry "CZE"]
[BlackTeamCountry "CZE"]

1. e4 c5 2. f4 e6 3. Qe2 Nc6 4. Nf3 Nge7 5. d3 d5 6. c3 g6 7. g3 Bg7 8. Bg2 0-0 9. Na3 a6 10. Nc2 b5 11. e5 b4 12. cxb4 Nxb4 13. Nxb4 cxb4 14. Be3 Qa5 15. 0-0 Bd7 16. Nd4 Rfc8 17. g4 Rab8 18. Qf2 Qd8 19. Qg3 Nc6 20. Nb3 Na5 21. Nd4 Nc6 22. h4 Nxd4 23. Bxd4 Rc2 24. f5 Rbc8 25. fxg6 hxg6 26. Rf3 Rd2 27. Qf4 Rcc2 28. Qxf7+ Kh7 29. Bf2 Qe8 30. Qf4 Rxb2 31. Rf1 Bb5 32. Qg3 Qb8 1/2-1/2

[Event "CZE-chT2E 1718"]
[Site "Czech Republic"]
[Date "2018.04.08"]
[Round "11.7"]
[White "Rubes, Pavel"]
[Black "Kredl, Karel"]
[Result "1/2-1/2"]
[WhiteElo "1888"]
[BlackElo "2140"]
[PlyCount "35"]
[EventDate "2017.10.15"]
[EventType "team-tourn"]
[EventRounds "11"]
[EventCountry "CZE"]
[SourceTitle "EXT 2022"]
[Source "ChessBase"]
[SourceDate "2021.10.06"]
[SourceVersion "1"]
[SourceVersionDate "2021.10.06"]
[SourceQuality "1"]
[WhiteTeam "Kurim"]
[BlackTeam "Brno Moravska Slavia II"]
[WhiteTeamCountry "CZE"]
[BlackTeamCountry "CZE"]

1. d4 Nf6 2. c4 g6 3. Nc3 Bg7 4. Nf3 d5 5. e3 0-0 6. Be2 c5 7. 0-0 cxd4 8. exd4 Nc6 9. Be3 Be6 10. c5 Bf5 11. a3 Ne4 12. Rc1 Nxc3 13. Rxc3 Be4 14. b4 a6 15. Rc1 Re8 16. Qd2 Qd7 17. Rfd1 Rac8 18. Qb2 1/2-1/2

[Event "CZE-chT2E 1718"]
[Site "Czech Republic"]
[Date "2018.01.14"]
[Round "6.7"]
[White "Kredl, Karel"]
[Black "Koci, Karel"]
[Result "1-0"]
[WhiteElo "2140"]
[BlackElo "1886"]
[PlyCount "93"]
[EventDate "2017.10.15"]
[EventType "team-tourn"]
[EventRounds "11"]
[EventCountry "CZE"]
[SourceTitle "EXT 2022"]
[Source "ChessBase"]
[SourceDate "2021.10.06"]
[SourceVersion "1"]
[SourceVersionDate "2021.10.06"]
[SourceQuality "1"]
[WhiteTeam "Brno Moravska Slavia II"]
[BlackTeam "Hustopece"]
[WhiteTeamCountry "CZE"]
[BlackTeamCountry "CZE"]

1. Nf3 Nf6 2. d4 g6 3. c4 c5 4. d5 d6 5. Nc3 Bg7 6. e4 0-0 7. h3 Na6 8. Bd3 Nb4 9. Bb1 Bd7 10. 0-0 Rb8 11. Bf4 Nh5 12. Bg5 Bf6 13. Bh6 Re8 14. a3 Na6 15. Bd3 Nc7 16. a4 a6 17. Re1 e5 18. Qd2 Kh8 19. g4 Ng7 20. Kg2 Rg8 21. Ra3 Nge8 22. Be3 g5 23. Rb1 Qc8 24. Nh2 h6 25. b4 b5 26. axb5 axb5 27. Nxb5 Nxb5 28. cxb5 Bxb5 29. bxc5 Bxd3 30. Qxd3 Rxb1 31. Qxb1 dxc5 32. Qb6 c4 33. Rc3 Kg7 34. Nf1 Be7 35. Ng3 Nd6 36. Bc5 Rd8 37. Bxd6 Rxd6 38. Qb5 Rd7 39. Nf5+ Kh7 40. Rxc4 Qd8 41. Rc6 Bf8 42. Qa6 Rc7 43. Rxh6+ Kg8 44. Rc6 Rxc6 45. Qxc6 f6 46. d6 Kf7 47. Qd5+ 1-0

[Event "EU-ch blitz"]
[Site "Katowice"]
[Date "2017.12.15"]
[Round "7"]
[White "Kredl, Karel"]
[Black "Polivanov, Anatoliy"]
[Result "1-0"]
[WhiteElo "2150"]
[BlackElo "2383"]
[PlyCount "125"]
[EventDate "2017.12.15"]
[EventType "swiss (blitz)"]
[EventRounds "22"]
[EventCountry "POL"]
[SourceTitle "CBM 182 Extra"]
[Source "ChessBase"]
[SourceDate "2018.02.23"]
[SourceVersion "1"]
[SourceVersionDate "2018.02.23"]
[SourceQuality "1"]

1. Nf3 d5 2. d4 Nf6 3. c4 e6 4. g3 Bb4+ 5. Bd2 Be7 6. Bg2 c6 7. Qc2 Nbd7 8. 0-0 b6 9. Bf4 Ba6 10. Nbd2 0-0 11. b3 c5 12. e4 cxd4 13. Nxd4 Rc8 14. Rfd1 e5 15. exd5 exd4 16. d6 Nh5 17. dxe7 Qxe7 18. Re1 Qf6 19. Ne4 Qg6 20. Bd2 Nhf6 21. Nxf6+ Qxf6 22. Bf4 Nc5 23. Qd2 Ne6 24. Be5 Qd8 25. Bd5 Re8 26. Bxd4 Nxd4 27. Qxd4 Rxe1+ 28. Rxe1 Bb7 29. Re3 Bxd5 30. cxd5 Qd6 31. Qe5 Qxe5 32. Rxe5 g6 33. Re7 Rc1+ 34. Kg2 Rd1 35. Rxa7 Rxd5 36. Rb7 b5 37. a4 bxa4 38. bxa4 Rd2 39. a5 Ra2 40. Rb5 h5 41. h4 Kg7 42. Kf3 Kf6 43. Rb6+ Kg7 44. a6 f6 45. Rb7+ Kh6 46. a7 g5 47. Ke4 Kg6 48. Kd5 gxh4 49. gxh4 Kf5 50. Kc6 Kg4 51. Rb4+ Kf3 52. Kb7 Kxf2 53. a8Q Rxa8 54. Kxa8 Kg3 55. Kb7 f5 56. Kc6 f4 57. Kd5 f3 58. Ke4 f2 59. Rb1 Kg2 60. Kf4 f1Q+ 61. Rxf1 Kxf1 62. Kg5 Ke2 63. Kxh5 1-0

[Event "EU-ch blitz"]
[Site "Katowice"]
[Date "2017.12.15"]
[Round "8"]
[White "Polivanov, Anatoliy"]
[Black "Kredl, Karel"]
[Result "1-0"]
[WhiteElo "2383"]
[BlackElo "2150"]
[PlyCount "77"]
[EventDate "2017.12.15"]
[EventType "swiss (blitz)"]
[EventRounds "22"]
[EventCountry "POL"]
[SourceTitle "CBM 182 Extra"]
[Source "ChessBase"]
[SourceDate "2018.02.23"]
[SourceVersion "1"]
[SourceVersionDate "2018.02.23"]
[SourceQuality "1"]

1. d4 Nf6 2. c4 e6 3. Nc3 Bb4 4. Nf3 0-0 5. Bg5 c5 6. Qb3 Nc6 7. e3 cxd4 8. Nxd4 Be7 9. Be2 a6 10. 0-0 Qc7 11. a3 d6 12. Rac1 Ne5 13. Rfd1 Bd7 14. Nf3 Ng6 15. Na4 Bxa4 16. Qxa4 h6 17. Bxf6 Bxf6 18. b4 Rfd8 19. Nd4 Rac8 20. Qb3 Qb6 21. Bg4 Re8 22. a4 Bxd4 23. exd4 Red8 24. c5 dxc5 25. dxc5 Qc7 26. b5 axb5 27. axb5 Rxd1+ 28. Qxd1 Ne5 29. Be2 Rd8 30. Qc2 Ng6 31. b6 Qc8 32. c6 bxc6 33. Qxc6 Qb8 34. g3 Ne7 35. Qc7 Nd5 36. Qxd8+ Qxd8 37. b7 Nb6 38. Ba6 Qd2 39. Rc3 1-0

[Event "EU-ch blitz"]
[Site "Katowice"]
[Date "2017.12.15"]
[Round "9"]
[White "Sammalvuo, Tapani"]
[Black "Kredl, Karel"]
[Result "1-0"]
[WhiteElo "2416"]
[BlackElo "2150"]
[PlyCount "90"]
[EventDate "2017.12.15"]
[EventType "swiss (blitz)"]
[EventRounds "22"]
[EventCountry "POL"]
[SourceTitle "CBM 182 Extra"]
[Source "ChessBase"]
[SourceDate "2018.02.23"]
[SourceVersion "1"]
[SourceVersionDate "2018.02.23"]
[SourceQuality "1"]

1. d4 Nf6 2. c4 e6 3. Nf3 b6 4. g3 Ba6 5. b3 Bb7 6. Bg2 Bb4+ 7. Bd2 a5 8. 0-0 0-0 9. Nc3 d6 10. Qc2 Nbd7 11. Rad1 Qe7 12. Bc1 Bxc3 13. Qxc3 c5 14. Bb2 Rfe8 15. Rfe1 a4 16. d5 e5 17. e4 axb3 18. axb3 Ra2 19. Nh4 g6 20. Bh3 Nh5 21. Ng2 Nf8 22. Ne3 Bc8 23. Bg2 Bd7 24. Bf3 Ng7 25. h4 f6 26. Kg2 b5 27. Ra1 Rea8 28. Rxa2 Rxa2 29. b4 cxb4 30. Qxb4 bxc4 31. Ba3 Ne8 32. Nxc4 f5 33. Qb3 fxe4 34. Bxe4 Rxa3 35. Qxa3 Qd8 36. Kg1 Qc7 37. Rc1 Qb7 38. Na5 Qa6 39. Qc3 Nf6 40. Bg2 Ng4 41. Nc6 Qe2 42. Qf3 Qd2 43. Rd1 Qc2 44. Re1 Kg7 45. Nd8 Bf5 1-0

[Event "Brno op 7th"]
[Site "Brno"]
[Date "2017.11.16"]
[Round "7"]
[White "Kredl, Karel"]
[Black "Qashashvili, Alexandre"]
[Result "1/2-1/2"]
[WhiteElo "2139"]
[BlackElo "2514"]
[PlyCount "45"]
[EventDate "2017.11.11"]
[EventType "swiss"]
[EventRounds "9"]
[EventCountry "CZE"]
[SourceTitle "CBM 181 Extra"]
[Source "ChessBase"]
[SourceDate "2017.12.12"]
[SourceVersion "1"]
[SourceVersionDate "2017.12.12"]
[SourceQuality "1"]

1. d4 Nf6 2. Nf3 c5 3. c4 e6 4. Nc3 d5 5. cxd5 exd5 6. Bg5 Be7 7. e3 0-0 8. dxc5 Be6 9. Be2 Nbd7 10. 0-0 Nxc5 11. Nd4 Rc8 12. Rc1 Qb6 13. Rc2 h6 14. Bh4 Rfd8 15. Qc1 Nce4 16. Nxe4 dxe4 17. Nxe6 Qxe6 18. Bc4 Qf5 19. h3 Rc6 20. Bb3 Rdc8 21. Rxc6 Rxc6 22. Qd2 Qc5 23. Rd1 1/2-1/2

[Event "CZE-chT2E 1617"]
[Site "Czech Republic"]
[Date "2017.01.15"]
[Round "6.3"]
[White "Kredl, Karel"]
[Black "Vrana, Frantisek"]
[Result "1-0"]
[WhiteElo "2102"]
[BlackElo "2209"]
[PlyCount "37"]
[EventDate "2016.09.10"]
[EventType "team-tourn"]
[EventRounds "11"]
[EventCountry "CZE"]
[SourceTitle "EXT 2022"]
[Source "ChessBase"]
[SourceDate "2021.10.06"]
[SourceVersion "1"]
[SourceVersionDate "2021.10.06"]
[SourceQuality "1"]
[WhiteTeam "Adamov"]
[BlackTeam "Stare Mesto II"]
[WhiteTeamCountry "CZE"]
[BlackTeamCountry "CZE"]

1. e4 e6 2. d4 d5 3. Nd2 c5 4. exd5 Qxd5 5. Ngf3 cxd4 6. Bc4 Qd6 7. Qe2 Nf6 8. Nb3 Nc6 9. Bg5 Qb4+ 10. Bd2 Qb6 11. 0-0-0 Bd7 12. Bg5 0-0-0 13. Nfxd4 a6 14. Kb1 Be7 15. f3 Nxd4 16. Rxd4 Kb8 17. Rhd1 Bc6 18. Be3 Qc7 19. Bf4 1-0

[Event "CZE-chT2E 1617"]
[Site "Czech Republic"]
[Date "2016.10.23"]
[Round "2.3"]
[White "Kredl, Karel"]
[Black "Parak, Dominik"]
[Result "1/2-1/2"]
[WhiteElo "2102"]
[BlackElo "2079"]
[PlyCount "203"]
[EventDate "2016.09.10"]
[EventType "team-tourn"]
[EventRounds "11"]
[EventCountry "CZE"]
[SourceTitle "EXT 2022"]
[Source "ChessBase"]
[SourceDate "2021.10.06"]
[SourceVersion "1"]
[SourceVersionDate "2021.10.06"]
[SourceQuality "1"]
[WhiteTeam "Adamov"]
[BlackTeam "Vsetin"]
[WhiteTeamCountry "CZE"]
[BlackTeamCountry "CZE"]

1. Nf3 Nf6 2. d4 g6 3. c4 Bg7 4. Nc3 0-0 5. e4 d6 6. Be2 c6 7. 0-0 Nbd7 8. Qc2 e5 9. Rd1 Qc7 10. Rb1 Re8 11. d5 c5 12. Bg5 a6 13. a3 Nf8 14. b4 b6 15. bxc5 bxc5 16. Rb3 Bd7 17. Rdb1 Reb8 18. Qb2 Rxb3 19. Qxb3 h6 20. Bd2 g5 21. Qb6 Qxb6 22. Rxb6 Ne8 23. Ne1 Bf6 24. Nc2 Bd8 25. Rb7 Bc8 26. Rb2 Ba5 27. Ne3 Nf6 28. Nb1 Bc7 29. Nc3 Ba5 30. Nb1 Bc7 31. f3 Ng6 32. Nc3 Rb8 33. Rxb8 Bxb8 34. Bd1 Ne7 35. Kf2 Bc7 36. Ke2 Bd7 37. Ba4 Kg7 38. Bxd7 Nxd7 39. Na4 Kg6 40. Kd3 h5 41. h3 Nf8 42. g4 hxg4 43. hxg4 f6 44. Nf5 Nxf5 45. exf5+ Kf7 46. Nb2 Nd7 47. Nd1 Ke7 48. Bc3 Nb6 49. Nf2 Nd7 50. Ne4 Bd8 51. Bd2 Bc7 52. Kc2 Bd8 53. Kb3 Bc7 54. Ka4 Nb6+ 55. Kb3 Nd7 56. Kc2 Bd8 57. Kd3 Bc7 58. Bc3 Bd8 59. Ng3 Bc7 60. Nh5 Kf7 61. Kc2 Bd8 62. Kb3 Bc7 63. Ng3 Ke7 64. Nh5 Kf7 65. Ng3 Ke7 66. Nh1 Kf7 67. Nf2 Ke7 68. Nd1 Kf7 69. Ka4 Nb6+ 70. Kb3 Nd7 71. Nb2 Ke7 72. Nd3 Bd8 73. Bd2 Bc7 74. Kc2 Bd8 75. Kd1 Bc7 76. Ke2 Nb6 77. Nb2 Nd7 78. Kd3 Bd8 79. Ke4 Bc7 80. Nd3 Bd8 81. Nc1 Nb6 82. Kd3 Nd7 83. Bc3 Bc7 84. Nb3 Bd8 85. Ba5 Nb8 86. Kc3 Nd7 87. Bxd8+ Kxd8 88. Na5 Nb8 89. Kd3 Kc7 90. Kc3 Kb6 91. Nb3 e4 92. Nd2 exf3 93. Nxf3 Nd7 94. Kb3 Ne5 95. Nxe5 dxe5 96. Kc3 Kc7 97. a4 Kd6 98. a5 Kd7 99. Kd3 Kd6 100. Ke4 Kd7 101. Ke3 Kd6 102. Ke4 1/2-1/2

[Event "CZE-chT2E 1617"]
[Site "Czech Republic"]
[Date "2016.10.09"]
[Round "1.3"]
[White "Vesely, Jaromir"]
[Black "Kredl, Karel"]
[Result "1/2-1/2"]
[WhiteElo "2055"]
[BlackElo "2102"]
[PlyCount "118"]
[EventDate "2016.09.10"]
[EventType "team-tourn"]
[EventRounds "11"]
[EventCountry "CZE"]
[SourceTitle "EXT 2022"]
[Source "ChessBase"]
[SourceDate "2021.10.06"]
[SourceVersion "1"]
[SourceVersionDate "2021.10.06"]
[SourceQuality "1"]
[WhiteTeam "Brno Lokomotiva II"]
[BlackTeam "Adamov"]
[WhiteTeamCountry "CZE"]
[BlackTeamCountry "CZE"]

1. d4 Nf6 2. c4 e6 3. a3 c5 4. d5 exd5 5. cxd5 d6 6. Nc3 g6 7. g3 Bg7 8. Bg2 0-0 9. Nf3 a6 10. 0-0 b5 11. Re1 Re8 12. e4 b4 13. axb4 cxb4 14. Na2 Rxe4 15. Rxe4 Nxe4 16. Nd4 Qf6 17. Be3 Nc5 18. Nxb4 Nbd7 19. Nbc6 Ne5 20. b4 Ncd7 21. h4 h6 22. Rc1 Nb6 23. Nxe5 dxe5 24. Nc6 Nd7 25. Qd2 Kh7 26. Na5 Rb8 27. Rc6 Qf5 28. Rc1 Bf8 29. Nc6 Ra8 30. d6 e4 31. Rc4 Bb7 32. Bxe4 Qb5 33. Qd5 Qxd5 34. Bxd5 Rc8 35. Ne7 Rxc4 36. Bxc4 Ne5 37. Bb3 Kg7 38. f4 Nc6 39. Bc5 Nd8 40. f5 gxf5 41. Nxf5+ Kf6 42. g4 Ke5 43. h5 Bf3 44. Bd4+ Kf4 45. Bf6 Bxg4 46. Bxd8 Bxf5 47. Be7 Bg7 48. Bxf7 Bc3 49. Bf8 Kg5 50. Be7+ Kf4 51. Bg6 Bd7 52. Bd3 Bxb4 53. Bxa6 Be8 54. Be2 Kf5 55. Bf8 Kg5 56. Kf2 Bc5+ 57. Kg3 Bxh5 58. Bxh5 Bxd6+ 59. Bxd6 Kxh5 1/2-1/2

[Event "CZE-chT2E 1415"]
[Site "Czech Republic"]
[Date "2014.11.30"]
[Round "3.8"]
[White "Holusova, Tana"]
[Black "Kredl, Karel"]
[Result "0-1"]
[WhiteElo "2064"]
[BlackElo "2092"]
[PlyCount "106"]
[EventDate "2014.11.02"]
[EventType "team-tourn"]
[EventRounds "11"]
[EventCountry "CZE"]
[SourceTitle "EXT 2022"]
[Source "ChessBase"]
[SourceDate "2021.10.06"]
[SourceVersion "1"]
[SourceVersionDate "2021.10.06"]
[SourceQuality "1"]
[WhiteTeam "Lipovec Garde"]
[BlackTeam "Brno Moravska Slavia"]
[WhiteTeamCountry "CZE"]
[BlackTeamCountry "CZE"]

1. e4 c5 2. Nf3 d6 3. d4 cxd4 4. Nxd4 Nf6 5. Nc3 Nc6 6. Bg5 e6 7. Be2 Be7 8. Be3 0-0 9. h4 d5 10. exd5 Nxd5 11. Nxd5 Qxd5 12. Bf3 Qa5+ 13. c3 Rd8 14. Bxc6 bxc6 15. Qf3 Bb7 16. h5 Qd5 17. Qg4 c5 18. Nf3 f5 19. Qa4 Bc6 20. Qa6 Bb7 21. Qe2 h6 22. Rh3 e5 23. c4 Qe4 24. Bd2 Qxe2+ 25. Kxe2 e4 26. Nh4 Bc8 27. Ng6 Bf6 28. Rb3 Be6 29. Rc1 Rd4 30. Rbc3 Rd7 31. R3c2 Rad8 32. Ba5 Rb8 33. b3 Rbb7 34. Bd2 Bf7 35. Nf4 Be5 36. Rh1 Rxd2+ 37. Rxd2 Bxf4 38. Rd8+ Kh7 39. Rc8 Rd7 40. Rxc5 Rd2+ 41. Ke1 Rxa2 42. Rh3 Ra1+ 43. Ke2 Ra2+ 44. Ke1 Bd2+ 45. Kd1 Bg5 46. Rc7 Be6 47. Rc6 Bg8 48. Ke1 f4 49. g4 f3 50. Rd6 Re2+ 51. Kd1 Rxf2 52. Rh1 Rb2 53. Ke1 e3 0-1